សម្លៀកបំពាក់ខ្ញុំ / (Record no. 1154)

MARC details
000 -LEADER
fixed length control field 01190nam a22002897a 4500
005 - DATE AND TIME OF LATEST TRANSACTION
control field 20230808103933.0
020 ## - INTERNATIONAL STANDARD BOOK NUMBER
International Standard Book Number 9789996305924
040 ## - CATALOGING SOURCE
Original cataloging agency FISKH
Language of cataloging eng
Transcribing agency FISKH
Modifying agency FISKH
082 ## - DEWEY DECIMAL CLASSIFICATION NUMBER
Classification number 646.4
100 ## - MAIN ENTRY--PERSONAL NAME
Personal name Vanthary, Oum
245 ## - TITLE STATEMENT
Title សម្លៀកបំពាក់ខ្ញុំ /
246 ## - VARYING FORM OF TITLE
Title proper/short title My clothes
250 ## - EDITION STATEMENT
Edition statement បោះពុម្ភលើកទី ៣ មេសា ២០២១
260 ## - PUBLICATION, DISTRIBUTION, ETC.
Place of publication, distribution, etc. Phnom Penh :
Name of publisher, distributor, etc. Sipar,
Date of publication, distribution, etc. 2021.
300 ## - PHYSICAL DESCRIPTION
Extent 14 unnumbered pages :
Other physical details color illustrator ;
Dimensions 18 cm
505 ## - FORMATTED CONTENTS NOTE
Formatted contents note aa
520 ## - SUMMARY, ETC.
Summary, etc. កុមារតូចនឹងបានរៀនអំពីពាក្យដំបូងនៃសម្លៀកបំពាក់អមជាមួយនឹងរូបភាពផងដែរ។
520 ## - SUMMARY, ETC.
Summary, etc. Basic vocabulary of different names of clothes with painted pictures are introduced to young children.
521 ## - TARGET AUDIENCE NOTE
Target audience note 10 <br/>
Source Lexile estimate
521 ## - TARGET AUDIENCE NOTE
Target audience note aa <br/>
Source Raz-Plus
650 ## - SUBJECT ADDED ENTRY--TOPICAL TERM
Topical term or geographic name entry element សម្លៀកបំពាក់
Form subdivision រូបភាព​​
650 ## - SUBJECT ADDED ENTRY--TOPICAL TERM
Topical term or geographic name entry element Clothes
Form subdivision Pictures
700 ## - ADDED ENTRY--PERSONAL NAME
Personal name Sarith, Huot
Titles and other words associated with a name illustrator
942 ## - ADDED ENTRY ELEMENTS (KOHA)
Source of classification or shelving scheme Dewey Decimal Classification
Koha item type Books
Suppress in OPAC No
999 ## -
-- 1154
-- 1154
Holdings
Withdrawn status Lost status Source of classification or shelving scheme Damaged status Not for loan Collection Home library Current library Shelving location Date acquired Total Checkouts Full call number Barcode Date last seen Date last checked out Copy number Price effective from Koha item type Date due
    Dewey Decimal Classification     Khmer-English Bilingual / ភាសាខ្មែរ-អង់គ្លេស Footprints International School Library Network Toul Kork Campus Footprints International School Library Network Toul Kork Campus TK Campus, Room B402, Khmer Book Case 16, Shelves 112-123 / ទូរសៀវភៅខ្មែរលេខ ១៦​ ធ្នើរ ១១២ ដល់ ១២៣ បន្ទប់ B402 សាខាទួលគោក 08/04/2023 1 VAN 646.4 2023-0181 01/05/2026 11/10/2025 1 08/04/2023 Books  
    Dewey Decimal Classification     Khmer-English Bilingual / ភាសាខ្មែរ-អង់គ្លេស Footprints International School Library Network Toul Kork Campus Footprints International School Library Network Toul Kork Campus TK Campus, Room B402, Khmer Book Case 16, Shelves 112-123 / ទូរសៀវភៅខ្មែរលេខ ១៦​ ធ្នើរ ១១២ ដល់ ១២៣ បន្ទប់ B402 សាខាទួលគោក 08/04/2023 1 VAN 646.4 2023-0182 11/13/2025 11/13/2025 2 08/04/2023 Books 11/27/2025